000
00313nam a2200133 a 4500
005
20140414093834.0
008
030610s19uu xx 00 eng d
050
_a
CDR 909
_b
E16 1996
245
_a
The 1848 revolution.
650
_a
World history.
650
_a
Revolutions.
942
_c
AVM
999
_c
108914
_d
108914